[Event "GER-ch 2013-C email"]
[Site "GER email"]
[Date "2015.02.20"]
[Round "?"]
[White "Kotzem, Ernst"]
[Black "Just, Joachim"]
[Result "1/2-1/2"]
[WhiteElo "2409"]
[BlackElo "2224"]
[PlyCount "79"]
[EventDate "2015.??.??"]
[EventType "tourn (corr)"]
[EventRounds "10"]
[EventCountry "GER"]
[SourceTitle "Corr 2017"]
[Source "ChessBase"]
[SourceDate "2017.09.19"]
[SourceVersion "1"]
[SourceVersionDate "2017.09.19"]
[SourceQuality "1"]

1. e4 e5 2. Nf3 Nc6 3. Bc4 Bc5 4. 0-0 Nf6 5. d4 Bxd4 6. Nxd4 Nxd4 7. Bg5 h6 8. Bh4 d6 9. f4 Bg4 10. Qd2 g5 11. fxe5 dxe5 12. Bg3 Qe7 13. Nc3 0-0-0 14. Qf2 Qc5 15. Bxf7 Nh5 16. Bxh5 Bxh5 17. Kh1 Rhf8 18. Qg1 b6 19. Rxf8 Rxf8 20. Rf1 Rxf1 21. Qxf1 Kb7 22. h3 Qd6 23. Qc4 Nc6 24. Nd5 Bf7 25. Qd3 Nd4 26. Qc4 Qc6 27. Qxc6+ Kxc6 28. Bxe5 Nxc2 29. Bg7 h5 30. Nf6 Kd6 31. Kh2 Nd4 32. Ne8+ Bxe8 33. Bxd4 Bg6 34. g4 hxg4 35. hxg4 Ke6 36. Be3 c5 37. Bxg5 Ke5 38. Kg3 Kxe4 39. Bf4 a6 40. Bc7 1/2-1/2

[Event "GER-ch 2013-F-V1 serv"]
[Site "GER email"]
[Date "2013.??.??"]
[Round "?"]
[White "Kotzem, Ernst"]
[Black "Gerold, Guenter"]
[Result "1/2-1/2"]
[WhiteElo "2197"]
[BlackElo "2010"]
[PlyCount "54"]
[EventDate "2013.12.31"]
[EventType "tourn (corr)"]
[EventRounds "6"]
[EventCountry "GER"]
[SourceTitle "Corr 2015"]
[Source "ChessBase"]
[SourceDate "2015.07.17"]
[SourceVersion "1"]
[SourceVersionDate "2015.07.17"]
[SourceQuality "1"]

1. e4 c5 2. Nc3 Nc6 3. f4 g6 4. Nf3 Bg7 5. Bc4 e6 6. 0-0 Nge7 7. Qe1 0-0 8. d3 d5 9. Bb3 b6 10. Qh4 Nd4 11. Nxd4 cxd4 12. Ne2 dxe4 13. dxe4 Ba6 14. Re1 Rc8 15. f5 Bxe2 16. Rxe2 d3 17. cxd3 Qxd3 18. fxg6 Nxg6 19. Qe1 Qb5 20. Be3 Rfd8 21. Rd1 Rxd1 22. Qxd1 Qh5 23. Re1 Qxd1 24. Rxd1 Bxb2 25. Rd7 Ra8 26. Rb7 Ne5 27. h3 Nc6 1/2-1/2

[Event "GER-ch 2013-F-V1 serv"]
[Site "GER email"]
[Date "2013.??.??"]
[Round "?"]
[White "Kotzem, Ernst"]
[Black "Schmidt, Alfred"]
[Result "1-0"]
[WhiteElo "2197"]
[BlackElo "1561"]
[PlyCount "65"]
[EventDate "2013.12.31"]
[EventType "tourn (corr)"]
[EventRounds "6"]
[EventCountry "GER"]
[SourceTitle "Corr 2015"]
[Source "ChessBase"]
[SourceDate "2015.07.17"]
[SourceVersion "1"]
[SourceVersionDate "2015.07.17"]
[SourceQuality "1"]

1. e4 e5 2. Nf3 Nc6 3. Bc4 Nf6 4. Ng5 d5 5. exd5 Na5 6. Bb5+ c6 7. dxc6 bxc6 8. Be2 h6 9. Nh3 Bd6 10. d3 Be6 11. Nc3 Ke7 12. 0-0 Re8 13. Ne4 Nxe4 14. dxe4 Kf8 15. Qd3 Qd7 16. Qg3 Bxh3 17. gxh3 Qe6 18. Kh1 f5 19. Rg1 Re7 20. exf5 Qxf5 21. Bxh6 Qe4+ 22. Rg2 Qh7 23. Bg5 Rf7 24. Bd3 e4 25. Qxd6+ Kg8 26. Be2 Re8 27. Rag1 e3 28. Bh6 exf2 29. Rxg7+ Rxg7 30. Rxg7+ Qxg7 31. Bxg7 Kxg7 32. Qg3+ Kh6 33. Qxf2 1-0

[Event "GER-ch61 email"]
[Site "GER email"]
[Date "2012.??.??"]
[Round "?"]
[White "Kotzem, Ernst"]
[Black "Loeffler, Werner"]
[Result "1/2-1/2"]
[WhiteElo "2197"]
[BlackElo "2122"]
[PlyCount "75"]
[EventDate "2012.07.23"]
[EventType "tourn (corr)"]
[EventRounds "8"]
[EventCountry "GER"]
[SourceTitle "Corr 2015"]
[Source "ChessBase"]
[SourceDate "2015.07.17"]
[SourceVersion "1"]
[SourceVersionDate "2015.07.17"]
[SourceQuality "1"]

1. e4 c5 2. Nf3 Nc6 3. Bb5 Qb6 4. Nc3 e6 5. 0-0 Nge7 6. Re1 a6 7. Ba4 Nd4 8. d3 Ng6 9. Nxd4 cxd4 10. Ne2 Bc5 11. f4 0-0 12. f5 Ne5 13. Ng3 Be7 14. Rf1 Kh8 15. Bb3 Qc5 16. Qh5 d6 17. Bg5 Bxg5 18. Qxg5 Bd7 19. Rf4 exf5 20. Nxf5 Bxf5 21. Rxf5 a5 22. a4 b5 23. axb5 Qxb5 24. Ra4 Qb6 25. Qd2 Ra7 26. h3 h6 27. g4 Kh7 28. Kg2 Rb8 29. g5 g6 30. Rf1 h5 31. Rfa1 Kg8 32. R1a3 Nc6 33. Qf4 Ne5 34. Qf2 Qd8 35. Qf6 Qc8 36. Kg3 Qc5 37. Qf2 Rb4 38. Rxb4 1/2-1/2

[Event "GER Cup GrC Seniors 1st"]
[Site "Bad Blankenburg"]
[Date "2011.08.24"]
[Round "7"]
[White "Kotzem, Ernst"]
[Black "Maetzing, Hans Dieter"]
[Result "0-1"]
[WhiteElo "1799"]
[BlackElo "1771"]
[PlyCount "97"]
[EventDate "2011.08.18"]
[EventType "swiss"]
[EventRounds "7"]
[EventCountry "GER"]
[SourceTitle "CBM 144 Extra"]
[Source "ChessBase"]
[SourceDate "2011.10.28"]
[SourceVersion "1"]
[SourceVersionDate "2011.10.28"]
[SourceQuality "1"]

1. e4 e5 2. Nf3 d6 3. d4 Nd7 4. Bc4 c6 5. 0-0 Be7 6. c3 b5 7. Bb3 Ngf6 8. a4 Bb7 9. Re1 0-0 10. axb5 cxb5 11. Nbd2 h6 12. Bc2 Qc7 13. Nf1 Rfe8 14. Ng3 Bf8 15. Bd3 a6 16. Bd2 d5 17. dxe5 Nxe5 18. Nxe5 Qxe5 19. f4 Qe6 20. e5 Bc5+ 21. Be3 Bxe3+ 22. Rxe3 Qb6 23. Nf1 d4 24. cxd4 Nd5 25. Rf3 Nb4 26. Rf2 Rad8 27. Bf5 Rxd4 28. Qg4 Rxe5 29. Bb1 Rg5 30. Qe2 Rxg2+ 31. Rxg2 Rd2+ 32. Qf2 Rxb2 33. Ng3 Rxf2 34. Rxf2 Qd4 35. Ra3 Qc4 36. Ne2 Qd5 37. Ng3 h5 38. h4 Qc5 39. Rb3 Bd5 40. Ne4 Qxf2+ 41. Kxf2 Bxb3 42. Nc5 Bd5 43. Ke3 Kf8 44. Kd4 Bc6 45. Nb3 Be8 46. Kc3 Nc6 47. Be4 Ne7 48. Kb4 Ng6 49. Nd4 0-1

[Event "GER Cup GrC Seniors 1st"]
[Site "Bad Blankenburg"]
[Date "2011.08.19"]
[Round "2"]
[White "Didzuhn, Werner"]
[Black "Kotzem, Ernst"]
[Result "0-1"]
[WhiteElo "1698"]
[BlackElo "1799"]
[PlyCount "70"]
[EventDate "2011.08.18"]
[EventType "swiss"]
[EventRounds "7"]
[EventCountry "GER"]
[SourceTitle "CBM 144 Extra"]
[Source "ChessBase"]
[SourceDate "2011.10.28"]
[SourceVersion "1"]
[SourceVersionDate "2011.10.28"]
[SourceQuality "1"]

1. e4 e5 2. Bc4 Nf6 3. d4 Nxe4 4. dxe5 Qe7 5. Qd5 Nc5 6. Nf3 c6 7. Qd1 d5 8. Be2 h6 9. 0-0 g5 10. c4 Be6 11. cxd5 Bxd5 12. Nc3 Be6 13. b4 Ncd7 14. b5 Bg7 15. Ne4 Nxe5 16. Be3 Nxf3+ 17. Bxf3 Bd5 18. Bc5 Qe5 19. Nd6+ Kd7 20. Rc1 Bxf3 21. Ne4+ Bxd1 22. Rfxd1+ Qd5 23. Rxd5+ cxd5 24. Rd1 Ke6 25. Ng3 Nd7 26. Bb4 Be5 27. Re1 Rhe8 28. Nh5 Kf5 29. Rd1 d4 30. h3 Kg6 31. g4 Rac8 32. Kg2 Rc2 33. a3 f5 34. Ng3 fxg4 35. hxg4 Bxg3 0-1

[Event "GER-ch65 V01 email"]
[Site "GER email"]
[Date "2011.??.??"]
[Round "?"]
[White "Kotzem, Ernst"]
[Black "Bedbur, Heinz D"]
[Result "1-0"]
[WhiteElo "2238"]
[BlackElo "1757"]
[PlyCount "61"]
[EventDate "2011.08.08"]
[EventType "tourn (corr)"]
[EventRounds "6"]
[EventCountry "GER"]
[SourceTitle "Corr 2015"]
[Source "ChessBase"]
[SourceDate "2015.07.17"]
[SourceVersion "1"]
[SourceVersionDate "2015.07.17"]
[SourceQuality "1"]

1. e4 d6 2. d4 Nf6 3. Nc3 g6 4. f4 Bg7 5. Nf3 0-0 6. Bd3 Nc6 7. 0-0 Bg4 8. e5 dxe5 9. dxe5 Nd5 10. h3 Nxc3 11. bxc3 Bc8 12. Be3 Qd5 13. Nd4 Rd8 14. Qe2 Bd7 15. Nb3 Bf5 16. Bc4 Qd7 17. Nc5 Qc8 18. g4 Bd7 19. Rad1 Be8 20. e6 f6 21. Rd7 Kh8 22. Rfd1 a6 23. Qf2 Bxd7 24. exd7 Qb8 25. Ne6 f5 26. gxf5 gxf5 27. Nxg7 Kxg7 28. Qg2+ Kh8 29. Kh2 Rg8 30. Bxg8 Qxg8 31. Qxc6 1-0

[Event "GER-ch65 V01 email"]
[Site "GER email"]
[Date "2011.??.??"]
[Round "?"]
[White "Kotzem, Ernst"]
[Black "Grehling, Martin"]
[Result "1-0"]
[WhiteElo "2238"]
[BlackElo "2190"]
[PlyCount "49"]
[EventDate "2011.08.08"]
[EventType "tourn (corr)"]
[EventRounds "6"]
[EventCountry "GER"]
[SourceTitle "Corr 2015"]
[Source "ChessBase"]
[SourceDate "2015.07.17"]
[SourceVersion "1"]
[SourceVersionDate "2015.07.17"]
[SourceQuality "1"]

1. e4 e5 2. Nf3 Nc6 3. Bc4 Nf6 4. Ng5 Bc5 5. Bxf7+ Ke7 6. Bd5 Rf8 7. 0-0 d6 8. Bxc6 bxc6 9. Nf3 Bg4 10. c3 Bb6 11. d3 Qe8 12. Be3 Rb8 13. b4 d5 14. Nbd2 Qh5 15. Bxb6 axb6 16. Qe2 dxe4 17. dxe4 Rbd8 18. Rfd1 Qh6 19. h3 Bxf3 20. Nxf3 Rxd1+ 21. Rxd1 Qf4 22. Qa6 Rd8 23. Re1 Rd6 24. Qc8 Ne8 25. Qf5 1-0

[Event "GER-ch65 V01 email"]
[Site "GER email"]
[Date "2011.??.??"]
[Round "?"]
[White "Kotzem, Ernst"]
[Black "Wilshusen, Horst"]
[Result "1-0"]
[WhiteElo "2238"]
[BlackElo "1523"]
[PlyCount "41"]
[EventDate "2011.08.08"]
[EventType "tourn (corr)"]
[EventRounds "6"]
[EventCountry "GER"]
[SourceTitle "Corr 2015"]
[Source "ChessBase"]
[SourceDate "2015.07.17"]
[SourceVersion "1"]
[SourceVersionDate "2015.07.17"]
[SourceQuality "1"]

1. e4 e5 2. Nf3 Nc6 3. Bc4 Nf6 4. Ng5 Bc5 5. Bxf7+ Ke7 6. Bd5 Rf8 7. Nf3 Nd4 8. Nxd4 exd4 9. d3 Nxd5 10. Qh5 d6 11. Qxd5 h6 12. 0-0 Be6 13. Qxb7 Rb8 14. Qa6 Rb6 15. Qa5 Qe8 16. a3 Rb5 17. Qe1 Bb6 18. f4 g6 19. a4 Rh5 20. a5 Bc5 21. b4 1-0

[Event "GER-ch63 V02 email"]
[Site "GER email"]
[Date "2011.??.??"]
[Round "?"]
[White "Wilshusen, Horst"]
[Black "Kotzem, Ernst"]
[Result "0-1"]
[WhiteElo "1523"]
[BlackElo "2238"]
[PlyCount "102"]
[EventDate "2011.02.21"]
[EventType "tourn (corr)"]
[EventRounds "6"]
[EventCountry "GER"]
[SourceTitle "Corr 2015"]
[Source "ChessBase"]
[SourceDate "2015.07.17"]
[SourceVersion "1"]
[SourceVersionDate "2015.07.17"]
[SourceQuality "1"]

1. e4 e5 2. Nf3 Nc6 3. Bb5 a6 4. Ba4 Nf6 5. 0-0 Be7 6. Re1 b5 7. Bb3 0-0 8. a4 Bb7 9. d3 d6 10. Nc3 Na5 11. Ba2 b4 12. Ne2 c5 13. Ng3 Bc8 14. Nd2 Bg4 15. f3 Be6 16. Nc4 Nxc4 17. Bxc4 Nd7 18. Be3 a5 19. Qd2 Bh4 20. Rf1 Nb6 21. Bxe6 fxe6 22. f4 exf4 23. Bxf4 Qd7 24. b3 e5 25. Nf5 Rxf5 26. exf5 exf4 27. Qxf4 Bf6 28. Rae1 Rf8 29. Kh1 Bc3 30. Re2 Nd5 31. Qf3 Ne7 32. g4 Be5 33. Ref2 Qc6 34. Qg2 Qd5 35. Qe4 Qxe4+ 36. dxe4 g5 37. Rd1 Nc6 38. Re2 Nd4 39. Rf2 Re8 40. Kg2 Bf4 41. h4 Rxe4 42. hxg5 Bxg5 43. Rd3 Bh4 44. Rfd2 Rxg4+ 45. Kh3 h5 46. Rg2 Rxg2 47. Kxg2 Kf7 48. Rh3 Nxf5 49. Kf3 d5 50. Rh2 Kf6 51. Ke2 c4 0-1

[Event "GER-ch51 final email"]
[Site "GER email"]
[Date "2010.??.??"]
[Round "?"]
[White "Maetz, Erich"]
[Black "Kotzem, Ernst"]
[Result "1/2-1/2"]
[WhiteElo "2041"]
[BlackElo "2190"]
[PlyCount "87"]
[EventDate "2010.??.??"]
[EventType "tourn (corr)"]
[EventRounds "12"]
[EventCountry "GER"]
[SourceTitle "Corr 2015"]
[Source "ChessBase"]
[SourceDate "2015.07.17"]
[SourceVersion "1"]
[SourceVersionDate "2015.07.17"]
[SourceQuality "1"]

1. c4 e5 2. g3 c6 3. d4 Bb4+ 4. Bd2 Bxd2+ 5. Qxd2 e4 6. Bg2 d5 7. f3 f5 8. fxe4 fxe4 9. Nh3 Nf6 10. 0-0 0-0 11. Nc3 Nbd7 12. Nf4 Nb6 13. cxd5 cxd5 14. b3 a5 15. a4 Bd7 16. Nb5 Ng4 17. Rac1 Rc8 18. Rxc8 Bxc8 19. h3 Nf6 20. h4 Na8 21. Rc1 Bg4 22. b4 axb4 23. Qxb4 Qd7 24. a5 Nh5 25. Nxh5 Bxh5 26. Nd6 Nc7 27. Qxb7 Qxd6 28. Qxc7 Qxc7 29. Rxc7 Bxe2 30. Rc5 Rd8 31. Bh3 Kf7 32. Bc8 Rd6 33. Bb7 Bc4 34. a6 Bxa6 35. Bxd5+ Ke7 36. Bxe4 Rxd4 37. Bxh7 Bd3 38. Bg8 g6 39. Bb3 Bf5 40. Bc2 Bxc2 41. Rxc2 g5 42. h5 Kf6 43. Kf2 Kf5 44. Kg2 1/2-1/2

[Event "NRW-ch Seniors 19th"]
[Site "Hattingen"]
[Date "2008.05.28"]
[Round "8"]
[White "Stolte, Dieter"]
[Black "Kotzem, Ernst"]
[Result "0-1"]
[WhiteElo "1605"]
[BlackElo "1804"]
[PlyCount "124"]
[EventDate "2008.05.19"]
[EventType "swiss"]
[EventRounds "9"]
[EventCountry "GER"]
[SourceTitle "EXT 2010"]
[Source "ChessBase"]
[SourceDate "2010.11.25"]
[SourceVersion "1"]
[SourceVersionDate "2010.11.25"]
[SourceQuality "1"]

1. d4 Nf6 2. c4 e6 3. Nc3 c5 4. e3 cxd4 5. exd4 Bb4 6. a3 Bxc3+ 7. bxc3 Qa5 8. Bb2 0-0 9. Nf3 d5 10. Be2 dxc4 11. Bxc4 b5 12. Bd3 Bb7 13. 0-0 Nbd7 14. Rc1 Nb6 15. Ne5 g6 16. Qe2 a6 17. c4 bxc4 18. Nxc4 Nxc4 19. Rxc4 Nd5 20. Rc5 Qd8 21. Rfc1 Qg5 22. Qe5 Qd2 23. Qe2 Qxe2 24. Bxe2 Nf4 25. Bf1 Rab8 26. Bc3 Rfd8 27. f3 Nd5 28. Ba1 Rdc8 29. Kf2 Kf8 30. Bc3 Rxc5 31. dxc5 Nxc3 32. Rxc3 Rc8 33. Bd3 f5 34. Ke3 e5 35. g3 Rc6 36. Bc2 Ke7 37. Bb3 Rc7 38. Bg8 h5 39. Bb3 g5 40. f4 Kf6 41. fxe5+ Kxe5 42. h3 f4+ 43. gxf4+ gxf4+ 44. Kf2 Bc6 45. Bc4 Kd4 46. Rc1 a5 47. h4 Rg7 48. Bf1 Rg4 49. a4 Rxh4 50. Kg1 Rg4+ 51. Kh2 Rg5 52. Rc4+ Kd5 53. Rxf4 Kxc5 54. Rc4+ Kb6 55. Rf4 Rg4 56. Rxg4 hxg4 57. Kg3 Bd7 58. Kf2 Kc5 59. Ke2 Kb4 60. Kd2 Kxa4 61. Kc1 Kb4 62. Kb1 a4 0-1

[Event "NRW-ch Seniors 19th"]
[Site "Hattingen"]
[Date "2008.05.26"]
[Round "6"]
[White "Kotzem, Ernst"]
[Black "Bachmann, Karlheinz"]
[Result "1/2-1/2"]
[WhiteElo "1804"]
[BlackElo "2155"]
[PlyCount "108"]
[EventDate "2008.05.19"]
[EventType "swiss"]
[EventRounds "9"]
[EventCountry "GER"]
[SourceTitle "EXT 2010"]
[Source "ChessBase"]
[SourceDate "2010.11.25"]
[SourceVersion "1"]
[SourceVersionDate "2010.11.25"]
[SourceQuality "1"]

1. e4 c5 2. Nf3 e6 3. d4 cxd4 4. Nxd4 Nf6 5. Nc3 d6 6. g4 h6 7. h4 Nc6 8. Be3 Nxd4 9. Bxd4 e5 10. Be3 Bxg4 11. f3 Be6 12. Qd2 a6 13. 0-0-0 Rc8 14. f4 Qa5 15. a3 Rxc3 16. Qxc3 Qxc3 17. bxc3 exf4 18. Bd4 Nxe4 19. Bg2 d5 20. Kb2 Nd6 21. Rhe1 Nc4+ 22. Ka2 Ne3 23. Bxe3 fxe3 24. Kb2 Bc5 25. c4 dxc4 26. Bxb7 0-0 27. Kc3 a5 28. Ba6 Bxa3 29. Rxe3 Bb4+ 30. Kb2 Rb8 31. Ka1 c3 32. Rde1 Rb6 33. Bd3 Rd6 34. Rg3 Kf8 35. h5 Bc5 36. Re5 Bb6 37. Rge3 Ke7 38. Rb5 Rd4 39. Re4 Rxe4 40. Bxe4 Kf6 41. Kb1 g6 42. hxg6 fxg6 43. Rxb6 Kf7 44. Bxg6+ Kxg6 45. Rxe6+ Kg5 46. Kc1 h5 47. Kd1 h4 48. Ke2 Kf4 49. Kf2 h3 50. Kg1 a4 51. Kh2 a3 52. Ra6 Ke3 53. Kxh3 a2 54. Rxa2 Kd2 1/2-1/2

[Event "NRW-ch Seniors 19th"]
[Site "Hattingen"]
[Date "2008.05.23"]
[Round "5"]
[White "Kotzem, Ernst"]
[Black "Rosen, Willy"]
[Result "0-1"]
[WhiteElo "1804"]
[BlackElo "2199"]
[PlyCount "60"]
[EventDate "2008.05.19"]
[EventType "swiss"]
[EventRounds "9"]
[EventCountry "GER"]
[SourceTitle "EXT 2010"]
[Source "ChessBase"]
[SourceDate "2010.11.25"]
[SourceVersion "1"]
[SourceVersionDate "2010.11.25"]
[SourceQuality "1"]

1. e4 c5 2. Nf3 Nc6 3. Bb5 g6 4. 0-0 Bg7 5. Re1 Nf6 6. c3 0-0 7. h3 Qb6 8. Na3 d5 9. e5 Ne8 10. d4 cxd4 11. cxd4 h6 12. b3 Nc7 13. Bf1 Bf5 14. Be3 g5 15. g4 Be4 16. Bd3 Rfd8 17. Nc4 Qa6 18. Nb2 Qa3 19. Na4 Ne6 20. Bc1 Qb4 21. a3 Bxf3 22. axb4 Bxd1 23. Rxd1 Nexd4 24. b5 Nxe5 25. Rb1 Nxd3 26. Rxd3 Nxb5 27. Bb2 Bxb2 28. Rxb2 Rac8 29. Rbd2 e5 30. f3 Nc3 0-1

[Event "GER-ch39 final email"]
[Site "GER email"]
[Date "2008.??.??"]
[Round "?"]
[White "Grube, Andreas"]
[Black "Kotzem, Ernst"]
[Result "0-1"]
[WhiteElo "2176"]
[BlackElo "2238"]
[PlyCount "142"]
[EventDate "2007.??.??"]
[EventType "tourn (corr)"]
[EventRounds "14"]
[EventCountry "GER"]
[SourceTitle "Corr 2011"]
[Source "ChessBase"]
[SourceDate "2010.08.31"]
[SourceVersion "1"]
[SourceVersionDate "2010.08.31"]
[SourceQuality "1"]

1. Nf3 Nf6 2. c4 g6 3. Nc3 Bg7 4. e4 d6 5. d4 0-0 6. Be2 e5 7. Be3 Ng4 8. Bg5 f6 9. Bc1 Nc6 10. d5 Ne7 11. h3 Nh6 12. h4 Nf7 13. h5 g5 14. Be3 h6 15. 0-0 f5 16. Nh2 f4 17. Bd2 Kh8 18. b4 a5 19. b5 b6 20. Bg4 Ng8 21. Bxc8 Qxc8 22. Ng4 Nd8 23. f3 Nb7 24. Kf2 Qe8 25. Rh1 Nc5 26. Qe2 Nd7 27. Rh3 Ngf6 28. Nxf6 Nxf6 29. Rah1 g4 30. fxg4 Nh7 31. Ke1 Bf6 32. Nd1 Qe7 33. Nf2 Ng5 34. R3h2 Rg8 35. Kd1 Raf8 36. Kc2 Rg7 37. Qd3 Nh7 38. Qf3 Bg5 39. Rh3 Rff7 40. Qe2 Qf8 41. Rf3 Qd8 42. Rf1 Bh4 43. Nh1 Rxg4 44. g3 Bg5 45. R3f2 Qd7 46. Bc1 Rf6 47. gxf4 Bxf4 48. Bb2 Qg7 49. Kb3 Rh4 50. Rg2 Qf7 51. Nf2 Bg5 52. Re1 Rf3+ 53. Bc3 Re3 54. Qd1 Qf4 55. Rxe3 Qxe3 56. Qd3 Qxd3 57. Nxd3 Rxe4 58. Rh2 Nf6 59. Nb2 Kg7 60. Rh1 Rg4 61. Be1 Ne4 62. Nd3 Kf6 63. Rh2 Kf5 64. a4 Bf4 65. Re2 Bg3 66. Kc2 Bxe1 67. Rxe1 Ng3 68. Kb3 e4 69. Nc1 Kf4 70. Rg1 Kf3 71. Kc3 Rh4 0-1

[Event "GER-ch50 V2 email"]
[Site "GER email"]
[Date "2008.??.??"]
[Round "?"]
[White "Hoge, Heinz"]
[Black "Kotzem, Ernst"]
[Result "0-1"]
[WhiteElo "1188"]
[BlackElo "2238"]
[PlyCount "58"]
[EventDate "2009.??.??"]
[EventType "tourn (corr)"]
[EventRounds "8"]
[EventCountry "GER"]
[SourceTitle "Corr 2011"]
[Source "ChessBase"]
[SourceDate "2010.08.31"]
[SourceVersion "1"]
[SourceVersionDate "2010.08.31"]
[SourceQuality "1"]

1. e4 e5 2. Nf3 Nc6 3. Bb5 a6 4. Bxc6 dxc6 5. 0-0 Qd6 6. Nc3 Bg4 7. d3 f6 8. h3 Bh5 9. Be3 0-0-0 10. Qe2 g5 11. Ba7 b6 12. Qe3 Kb7 13. g4 Bf7 14. Bxb6 cxb6 15. a3 h5 16. Kg2 Ne7 17. Rfd1 Ng6 18. Na4 c5 19. Rh1 Qd7 20. b4 Qxa4 21. bxc5 Bxc5 22. Qd2 Nf4+ 23. Kg3 Bg6 24. Rh2 h4+ 25. Nxh4 gxh4+ 26. Kf3 Bxe4+ 27. dxe4 Rxd2 28. Rc1 Qxa3+ 29. c3 Rd3# 0-1

[Event "GER-ch50 V2 email"]
[Site "GER email"]
[Date "2008.??.??"]
[Round "?"]
[White "Kotzem, Ernst"]
[Black "Kollowa, Kurt"]
[Result "1-0"]
[WhiteElo "2238"]
[BlackElo "2052"]
[PlyCount "61"]
[EventDate "2009.??.??"]
[EventType "tourn (corr)"]
[EventRounds "8"]
[EventCountry "GER"]
[SourceTitle "Corr 2011"]
[Source "ChessBase"]
[SourceDate "2010.08.31"]
[SourceVersion "1"]
[SourceVersionDate "2010.08.31"]
[SourceQuality "1"]

1. e4 c5 2. Nf3 Nc6 3. Bb5 g6 4. 0-0 Bg7 5. Re1 Nf6 6. c3 a6 7. Bxc6 dxc6 8. h3 0-0 9. d4 Be6 10. Qc2 cxd4 11. cxd4 Qc8 12. Nc3 Rd8 13. Na4 Nd7 14. Be3 h6 15. Rac1 Qb8 16. Qd2 Kh7 17. b3 a5 18. Bf4 Ne5 19. Nh2 Qd6 20. Red1 g5 21. Bg3 Qa3 22. Nc5 Bc8 23. Qc2 Ng6 24. Nf3 g4 25. Bc7 gxf3 26. Bxd8 fxg2 27. Bc7 Nh4 28. Qc3 f5 29. e5 f4 30. e6 Bf6 31. Bxf4 1-0

[Event "GER-ch48 V2 email"]
[Site "GER email"]
[Date "2008.??.??"]
[Round "?"]
[White "Kotzem, Ernst"]
[Black "Schepers, Herbert"]
[Result "1/2-1/2"]
[WhiteElo "2238"]
[BlackElo "2134"]
[PlyCount "69"]
[EventDate "2008.??.??"]
[EventType "tourn (corr)"]
[EventRounds "10"]
[EventCountry "GER"]
[SourceTitle "Corr 2011"]
[Source "ChessBase"]
[SourceDate "2010.08.31"]
[SourceVersion "1"]
[SourceVersionDate "2010.08.31"]
[SourceQuality "1"]

1. e4 e5 2. Nf3 Nf6 3. Nxe5 d6 4. Nf3 Nxe4 5. d4 d5 6. Bd3 Nc6 7. 0-0 Be7 8. Re1 Bg4 9. c4 Nf6 10. Nc3 Bxf3 11. Qxf3 Nxd4 12. Qd1 dxc4 13. Bxc4 c5 14. Qa4+ Kf8 15. Be3 a6 16. Qd1 Qd7 17. Bxd4 cxd4 18. Ne4 b5 19. Bb3 Nxe4 20. Rxe4 Bf6 21. Qh5 g6 22. Qh6+ Kg8 23. h4 Rf8 24. Rc1 d3 25. Rd1 a5 26. Qe3 a4 27. Rxd3 Qc7 28. Bd1 h5 29. Rd5 Rb8 30. Be2 Kg7 31. Bxb5 Qc2 32. Bxa4 Qb1+ 33. Rd1 Qxa2 34. b3 Rhd8 35. Re1 1/2-1/2

[Event "GER-ch Seniors 18th"]
[Site "Dresden"]
[Date "2006.07.23"]
[Round "2"]
[White "Koenigl, Anton"]
[Black "Kotzem, Ernst"]
[Result "1-0"]
[WhiteElo "1728"]
[BlackElo "1766"]
[PlyCount "75"]
[EventDate "2006.07.22"]
[EventType "swiss"]
[EventRounds "9"]
[EventCountry "GER"]
[SourceTitle "EXT 2022"]
[Source "ChessBase"]
[SourceDate "2021.10.06"]
[SourceVersion "1"]
[SourceVersionDate "2021.10.06"]
[SourceQuality "1"]

1. e4 e5 2. Nf3 Nc6 3. d4 exd4 4. Bc4 Nf6 5. 0-0 Nxe4 6. Re1 d5 7. Bxd5 Qxd5 8. Nc3 Qh5 9. Nxe4 Be6 10. Bg5 h6 11. Bh4 Bb4 12. c3 dxc3 13. bxc3 Be7 14. Bxe7 Nxe7 15. Qa4+ b5 16. Qa3 Qd5 17. Nc5 Nc6 18. Rad1 Qf5 19. Nxe6 fxe6 20. Qa6 Nd8 21. Nd4 Qf6 22. Nxe6 Kf7 23. Rd7+ Kg8 24. Rxg7+ Qxg7 25. Nxg7 Kxg7 26. Qxb5 Nf7 27. h3 Rab8 28. Qc5 Rhe8 29. Rd1 Rb2 30. Qxa7 Ree2 31. a4 Ra2 32. Qxc7 Kf6 33. Qf4+ Ke7 34. Rb1 Ne5 35. Rb7+ Ke8 36. Qf6 Nd7 37. Qh8+ Ke7 38. Qg7+ 1-0